000 00630nam a22001937a 4500
005 20251108164958.0
008 250721s9999 xx 000 0 ara d
082 1 4 _a214.1/عبد
100 1 _aالصعيدي، عبد الحكم عبد اللطيف
245 1 0 _aبدائع الأقوال فيما يروجه الجهال من البدع و الأفعال /
264 1 _aالقاهره :
_bمركز الكتاب،
_c[19-].
300 _a48ص
490 0 _aإسلاميات
650 1 7 _aالإسلام
650 1 7 _aأصول الدين الإسلامي
650 1 7 _aالتوحيد
942 _2ddc
_cBK
999 _c18950
_d18950